000
00418nam a22001697a 4500
003
MPLRDC
005
20220104144022.0
008
210129b ||||| |||| 00| 0 eng d
082
_a
297.5 BDH
100
_a
毕东海、毕东升著
245
_a
向宇宙人呼唤
_c
250
_a
初版
260
_a
_b
四川教育出版社
_c
1992
300
_b
平
650
_a
异象奇闻; 奇迹
942
_c
BK
_o
297.5 BDH
999
_c
45598
_d
45588